| 000 | 00382nam a2200145Ia 4500 | ||
|---|---|---|---|
| 005 | 20251222141912.0 | ||
| 008 | 251222s9999||||xx |||||||||||||| ||spa|| | ||
| 020 | _a970-10-3002-8 | ||
| 082 | _a658.151/M26 | ||
| 100 | _aMartÃnez Castillo, Aureliano | ||
| 245 | 0 | _aConsolidación de Estados Financieros: | |
| 250 | _a2a. ed. | ||
| 264 | _bMcGRAW-HILL INTERAMERICANA | ||
| 942 | _cLIB | ||
| 999 |
_c8437 _d8437 |
||